Sociální vyloučení v resocializačním kontextu /

Další autoři: Moravcová, Ilona, Kaliba, Martin
Jazyk: Čeština
Vydáno: Pardubice : Univerzita Pardubice, 2012
Vydání: Vyd. 1.
Témata:
Fyzický popis: 105 s. : il. (některé barev.), mapy ; 24 cm
Language note: Anglické resumé
Knihy
Uloženo v:
LEADER 01851nam a2200493 a 4500
001 nkc20122396054
003 CZ PrNK
005 20121114103648.0
007 ta
008 120906s2012 xr ab f 001 0 cze
015 |a cnb002396054 
020 |a 978-80-7395-432-1  |q (brož.) 
035 |a (OCoLC)817049577 
040 |a BOA001  |b cze 
041 0 |a cze  |b eng 
043 |a e-xr--- 
072 7 |a 37  |x Výchova a vzdělávání  |2 Konspekt  |9 22 
080 |a 37.01:364-782.2  |2 MRF 
080 |a 364.624.4  |2 MRF 
080 |a 364-782.2  |2 MRF 
080 |a (437.3)  |2 MRF 
080 |a (048.8:082)  |2 MRF 
245 0 0 |a Sociální vyloučení v resocializačním kontextu /  |c Ilona Moravcová (ed.) ; [autoři Martin Kaliba ... et al.] 
250 |a Vyd. 1. 
260 |a Pardubice :  |b Univerzita Pardubice,  |c 2012 
300 |a 105 s. :  |b il. (některé barev.), mapy ;  |c 24 cm 
504 |a Obsahuje bibliografie, bibliografické odkazy a rejstřík 
546 |a Anglické resumé 
650 0 7 |a resocializační pedagogika  |7 ph659004  |z Česko  |2 czenas 
650 0 7 |a sociální vyloučení  |7 ph164936  |z Česko  |2 czenas 
650 0 7 |a resocializace  |7 ph572636  |z Česko  |2 czenas 
650 0 9 |a resocialization pedagogy  |z Czechia  |2 eczenas 
650 0 9 |a social exclusion  |z Czechia  |2 eczenas 
650 0 9 |a resocialization  |z Czechia  |2 eczenas 
655 7 |a kolektivní monografie  |7 fd501537  |2 czenas 
655 9 |a collective monographs  |2 eczenas 
700 1 |a Moravcová, Ilona  |7 xx0051533  |4 edt 
700 1 |a Kaliba, Martin  |7 jx20110922011  |4 aut 
910 2 |a BOA001  |b 2-1290.707 
990 |a BK 
995 |a 01 
991 |b 201210  |c NOV  |e n 
996 6 |b 2610524309  |c 2-1290.707  |l MZK  |r Sklad / do 1 hodiny  |n 12  |p p.v.  |w 001286939  |u 000010  |a 1  |e BOA001  |j MZK50  |s P 
996 7 |b 2610527929  |c 2-1290.707  |l Vol.výběr  |r VV 0p  |n 29  |p dar  |h 364 SOC  |w 001286939  |u 000020  |a 0  |e BOA001  |j MZK50  |s A